00754nam a2200217Ia 4500008004100000020002200041040001800063041000800081245014000089260006000229300003200289650002100321650002900342650003200371650003800403650001700441700001700458700001600475700002000491700002500511130821s2011 xxua gr spa  a978 1 934387 08 5 aCo-BoUCMbspa00aspa00aEmbarazo no deseado y aborto inducido en Colombia causas y consecuenciascElena Prada, Susheela Singh, Lisa Remez, Cristina Villarreal aNueva York (Estados Unidos)bGuttmacher Institutec2011 a36 páginasbilustraciones aAbortozColombia aEmbarazo en adolescentes aEmbarazovAspectos sociales aEmbarazoxAspectos psicológicos aSociología1 aPrada, Elena1 aRemez, Lisa1 aSingh, Susheela1 aVillarreal, Cristina